| 000 | 00492cam a22001932 4500 | ||
|---|---|---|---|
| 001 | 000014023 | ||
| 005 | 20200929163435.0 | ||
| 008 | 910618s1950 sp 000 0 spa | ||
| 010 | _altf91069466 | ||
| 040 |
_aDO-SdBNP _cDLC _dDLC |
||
| 050 | 0 | 0 | _a4PS 416 |
| 100 | 1 |
_aStowe, Harriet Beecher, _d1811-1896. _927250 |
|
| 245 | 1 | 3 | _aLa cabana del Tio Tom. |
| 250 | _a[2. ed. | ||
| 260 |
_aLima, : _bUniverso, _c1950]. |
||
| 300 | _a627 p. | ||
| 910 | _aCatalogación derivada | ||
| 910 | _aDC | ||
| 999 |
_c13627 _d13627 |
||